000 00983nam a2200325Ia 4500
003 OSt
005 20220912145233.0
006 a|||||r|||| 00| 0
007 ta
008 220909b |||||||| |||| 00| 0 eng d
020 _a9780521879507 (hbd)
024 _a83647
037 _cTextbook
040 _aCSL
_beng
_cCSL
041 _aeng
082 _aD65,8(B):71, P8 TD
100 _aBarrat Alain
245 0 _aDynamical processes on complex networks
260 _aCambridge
_bCambridge University Press
_c2008
300 _axvi, 347p.
_ccm.
500 _aAppendix 1-5, 298-312p.; References 313-343p.; Index 344-347p.
650 _a Graph theory
650 _a Network theory
650 _a System analysis
650 _aComputer Science
700 _a Barthelemy Marc
700 _a Vespignani Alessandro
942 _hD65,8(B):71, P8 TD
_cTB
_2CC
999 _c26785
_d26785